[Event "Bad Woerishofen op"]
[Site "?"]
[Date "2000.??.??"]
[Round "3"]
[White "Wilhelm, Andreas"]
[Black "Kugelmann, Joachim"]
[Result "0-1"]
[WhiteElo "1379"]
[BlackElo "2001"]
[PlyCount "102"]
[EventDate "2000.??.??"]

1. d4 Nf6 2. c4 e6 3. Nf3 Bb4+ 4. Bd2 Bxd2+ 5. Qxd2 Ne4 6. Qc2 f5 7. Nc3 d5 8.
e3 c6 9. Be2 Nd7 10. cxd5 exd5 11. Nxe4 fxe4 12. Nd2 Qg5 13. g3 O-O 14. Qb3 Nf6
15. f4 exf3 16. Nxf3 Qh6 17. Ne5 Bf5 18. h4 Be4 19. Rh2 Nh5 20. g4 Ng3 21. g5
Qd6 22. Rh3 Nxe2 23. Kxe2 Qe6 24. Rh2 Qf5 25. Kd2 c5 26. Re2 Rac8 27. Rc1 cxd4
28. Rxc8 Rxc8 29. Nd3 Bxd3 30. Qxd3 dxe3+ 31. Rxe3 Qf2+ 32. Qe2 Qf4 33. Kd1
Qa4+ 34. Rb3 Re8 35. Qd2 Qg4+ 36. Kc1 Qg1+ 37. Kc2 d4 38. Rd3 Re4 39. Kb3 Qg4
40. Qb4 Qe6+ 41. Qc4 Qxc4+ 42. Kxc4 Rxh4 43. Rxd4 Rxd4+ 44. Kxd4 h5 45. Ke5 Kf7
46. Kf5 g6+ 47. Ke4 Ke6 48. Kf4 Kd5 49. b3 Kd4 50. a3 Kd5 51. b4 b5 0-1

[Event "Bad Woerishofen op"]
[Site "?"]
[Date "2000.??.??"]
[Round "5"]
[White "Wilhelm, Andreas"]
[Black "Schaffarth, Marianne"]
[Result "1-0"]
[WhiteElo "1379"]
[BlackElo "1710"]
[PlyCount "99"]
[EventDate "2000.??.??"]

1. d4 Nf6 2. c4 g6 3. Nc3 d5 4. cxd5 Nxd5 5. e4 Nxc3 6. bxc3 Bg7 7. Bc4 c5 8.
Ne2 O-O 9. O-O Nc6 10. Be3 Qc7 11. Qc1 Na5 12. Bd3 Bg4 13. f3 Bd7 14. Bh6 cxd4
15. Bxg7 Kxg7 16. cxd4 Qxc1 17. Nxc1 Rfc8 18. Nb3 Nxb3 19. axb3 e6 20. Rfc1
Rxc1+ 21. Rxc1 Rc8 22. Rxc8 Bxc8 23. e5 a5 24. Bb5 Kf8 25. Kf2 Ke7 26. Ke3 Bd7
27. Bd3 b5 28. Kd2 a4 29. bxa4 bxa4 30. Kc3 Kd8 31. Kb4 Kc7 32. Bc2 Bc6 33.
Bxa4 Bxa4 34. Kxa4 Kc6 35. Kb4 Kd5 36. Kc3 h5 37. h4 Kc6 38. Kc4 Kd7 39. Kb5
Kc7 40. Kc5 Kd7 41. Kb6 Kd8 42. Kc6 Kc8 43. g4 Kd8 44. Kd6 Ke8 45. gxh5 gxh5
46. d5 exd5 47. Kxd5 Ke7 48. Ke4 f6 49. Kf5 fxe5 50. Kxe5 1-0

[Event "Bad Woerishofen op"]
[Site "?"]
[Date "2000.??.??"]
[Round "7"]
[White "Wilhelm, Andreas"]
[Black "Schwabe, Manfred"]
[Result "1-0"]
[WhiteElo "1379"]
[BlackElo "1719"]
[PlyCount "55"]
[EventDate "2000.??.??"]

1. d4 Nf6 2. c4 e5 3. dxe5 Ng4 4. Nf3 Nc6 5. e3 Bb4+ 6. Bd2 Bxd2+ 7. Nbxd2 Qe7
8. Be2 Ngxe5 9. O-O d6 10. Nd4 Bd7 11. N2f3 O-O 12. a3 a5 13. Qc2 h6 14. Rac1
b6 15. Nb5 Rac8 16. Nc3 Be6 17. Nd5 Qd7 18. Nd4 Ne7 19. e4 N5c6 20. Rcd1 Nxd4
21. Rxd4 Nc6 22. Rd3 f5 23. f4 fxe4 24. Rg3 Bf5 25. Qc3 Kh7 26. Ne3 Qf7 27.
Nxf5 Qxf5 28. Qxg7# 1-0

[Event "Bad Woerishofen op"]
[Site "?"]
[Date "2000.??.??"]
[Round "9"]
[White "Wilhelm, Andreas"]
[Black "Theuermeister, Peter"]
[Result "1-0"]
[WhiteElo "1379"]
[BlackElo "1752"]
[PlyCount "51"]
[EventDate "2000.??.??"]

1. d4 Nf6 2. c4 e5 3. dxe5 Ng4 4. Nf3 Bc5 5. e3 Nc6 6. Be2 Ngxe5 7. Nbd2 d6 8.
a3 a5 9. Nxe5 Nxe5 10. Nf3 O-O 11. b3 Nxf3+ 12. Bxf3 Qf6 13. Ra2 c6 14. O-O Be6
15. Rd2 Rad8 16. Bb2 Qe7 17. Qe2 d5 18. cxd5 cxd5 19. Ra1 Rd7 20. Qb5 Bxe3 21.
fxe3 Rc7 22. Rad1 Rc5 23. Qe2 Rfc8 24. Bxd5 Bxd5 25. Rxd5 Rc2 26. Rd8+ 1-0

[Event "Bad Woerishofen op"]
[Site "?"]
[Date "2000.??.??"]
[Round "4"]
[White "Wilhelmi, Christian"]
[Black "Levin, Felix"]
[Result "1/2-1/2"]
[WhiteElo "2423"]
[BlackElo "2526"]
[PlyCount "111"]
[EventDate "2000.??.??"]

1. Nf3 Nf6 2. g3 b5 3. Bg2 Bb7 4. d3 d5 5. O-O c5 6. Nbd2 e6 7. c3 Be7 8. a4 b4
9. cxb4 cxb4 10. a5 O-O 11. Nb3 Na6 12. Bf4 Bd6 13. Qd2 Qe7 14. Bxd6 Qxd6 15.
Nfd4 g6 16. Qg5 Kg7 17. Nf3 Nd7 18. d4 Bc6 19. Qe3 Bb5 20. Ne5 f6 21. Nxd7 Qxd7
22. Bh3 Rfe8 23. Rfc1 Qd6 24. Nc5 e5 25. Nxa6 Bxa6 26. Rc5 Bc4 27. Bg2 Rad8 28.
Rd1 b3 29. Rd2 e4 30. Rd1 Rc8 31. h4 Rxc5 32. dxc5 Qe5 33. Rd4 f5 34. c6 Re7
35. Qc3 Qf6 36. e3 Rc7 37. Bf1 Rxc6 38. Qd2 Kh6 39. Bxc4 Rxc4 40. Rxd5 Rc2 41.
Qb4 Rxb2 42. Qb8 f4 43. Qxf4+ Qxf4 44. gxf4 Rc2 45. Rb5 b2 46. Kg2 Kg7 47. Kg3
Kf6 48. f3 Re2 49. fxe4 Rxe3+ 50. Kg2 Rxe4 51. Rxb2 Rxf4 52. Kg3 Re4 53. Rb7
Re7 54. a6 Ke6 55. Kg4 Kd6 56. Rxe7 1/2-1/2

[Event "Bad Woerishofen op"]
[Site "?"]
[Date "2000.??.??"]
[Round "5"]
[White "Wilhelmi, Christian"]
[Black "Bischoff, Klaus"]
[Result "1-0"]
[WhiteElo "2423"]
[BlackElo "2544"]
[PlyCount "51"]
[EventDate "2000.??.??"]

1. e4 c5 2. Nf3 d6 3. d4 cxd4 4. Nxd4 Nf6 5. Nc3 a6 6. Bc4 e6 7. Bb3 Nbd7 8. f4
Nc5 9. e5 dxe5 10. fxe5 Nfd7 11. Bf4 b5 12. Qe2 Bb7 13. O-O Be7 14. Kh1 h5 15.
Rae1 Nxb3 16. axb3 g5 17. Bc1 Qb6 18. Be3 Qc7 19. Bg1 b4 20. Ne4 Qxe5 21. Qf3
O-O 22. Nf6+ Nxf6 23. Qxb7 Qd6 24. Nc6 Nd5 25. Nxe7+ Qxe7 26. Qxd5 1-0

[Event "Bad Woerishofen op"]
[Site "?"]
[Date "2000.??.??"]
[Round "7"]
[White "Wilhelmi, Christian"]
[Black "Mainka, Romuald"]
[Result "0-1"]
[WhiteElo "2423"]
[BlackElo "2478"]
[PlyCount "66"]
[EventDate "2000.??.??"]

1. d4 Nf6 2. c4 c5 3. d5 b5 4. cxb5 a6 5. bxa6 g6 6. Nc3 Bxa6 7. e4 Bxf1 8.
Kxf1 d6 9. Nf3 Bg7 10. h3 O-O 11. Kg1 Nbd7 12. Kh2 Qa5 13. Re1 Rfb8 14. Re2 Ne8
15. Rc2 Nb6 16. Qe2 Qa6 17. Qe3 Nc4 18. Qe1 Nc7 19. b3 Ne5 20. Nxe5 Bxe5+ 21.
f4 Bg7 22. Bb2 Rb4 23. Rd1 Qb7 24. Ba1 Rc8 25. Rf2 Ne8 26. e5 Qb8 27. exd6 Nxd6
28. Qxe7 Nf5 29. Qe1 Re8 30. Qd2 Bd4 31. d6 Qxd6 32. Rf3 Re3 33. Rdf1 Rxf3 0-1

[Event "Bad Woerishofen op"]
[Site "?"]
[Date "2000.??.??"]
[Round "9"]
[White "Wilhelmi, Christian"]
[Black "Hartoch, Robert"]
[Result "1-0"]
[WhiteElo "2423"]
[BlackElo "2318"]
[PlyCount "57"]
[EventDate "2000.??.??"]

1. d4 g6 2. c4 Bg7 3. Nf3 d6 4. g3 e5 5. Nc3 exd4 6. Nxd4 Nc6 7. Nxc6 bxc6 8.
Bg2 Ne7 9. Bg5 f6 10. Bf4 Be6 11. b3 Qd7 12. h4 g5 13. Bc1 gxh4 14. Rxh4 Ng6
15. Rh5 f5 16. Bb2 f4 17. Qd2 fxg3 18. fxg3 Bg4 19. Rg5 Ne5 20. Ne4 h6 21. Nc5
dxc5 22. Qxd7+ Bxd7 23. Rxg7 Nf7 24. O-O-O Nd6 25. Bxc6 Bxc6 26. Rxc7 Rg8 27.
Rxd6 Bg2 28. Re6+ Kd8 29. Rf7 1-0

[Event "Bad Woerishofen op"]
[Site "Bad Woerishofen"]
[Date "2000.??.??"]
[Round "2"]
[White "Willim, Michael"]
[Black "Breder, Dennis"]
[Result "0-1"]
[WhiteElo "2124"]
[BlackElo "2305"]
[PlyCount "72"]
[EventDate "1998.03.05"]
[Source "ChessBase"]
[SourceDate "1998.04.29"]

1. c4 c5 2. g3 Nc6 3. Nc3 g6 4. Bg2 Bg7 5. Nf3 e6 6. O-O Nge7 7. a3 O-O 8. Rb1
d6 9. b4 b6 10. Qc2 Bb7 11. bxc5 dxc5 12. d3 Nf5 13. Bg5 Qd7 14. Nb5 h6 15. Bf4
g5 16. Bc1 g4 17. Nd2 Rad8 18. Bb2 f6 19. Rfe1 h5 20. Ne4 h4 21. Qd2 Nfd4 22.
Nxd4 Nxd4 23. Bxd4 Qxd4 24. Qf4 Bc8 25. Rb3 f5 26. Nc3 Qxf4 27. gxf4 Bh6 28. a4
Bxf4 29. a5 bxa5 30. Na4 Bd2 31. Rd1 Bb4 32. e3 Ba6 33. Nb2 a4 34. Nxa4 Bxc4
35. Rbb1 Bxd3 36. Rbc1 Be2 0-1

[Event "Bad Woerishofen op"]
[Site "?"]
[Date "2000.??.??"]
[Round "4"]
[White "Willim, Michael"]
[Black "Poehler, Margit"]
[Result "1-0"]
[WhiteElo "2124"]
[BlackElo "1798"]
[PlyCount "61"]
[EventDate "2000.??.??"]

1. e4 d6 2. d4 g6 3. Nc3 Bg7 4. g3 Nc6 5. d5 Ne5 6. f4 Bg4 7. Be2 Bxe2 8. Qxe2
Nd7 9. Nf3 c6 10. e5 dxe5 11. dxc6 bxc6 12. fxe5 Qa5 13. Bf4 e6 14. O-O Ne7 15.
Bg5 Nxe5 16. Nxe5 Qxe5 17. Qf3 Qf5 18. Qe3 Qa5 19. Ne4 Nf5 20. Qf4 O-O 21. g4
Bd4+ 22. Kh1 Be3 23. Qf3 Bxg5 24. gxf5 Bh4 25. fxe6 fxe6 26. Qg4 Qd8 27. Qxe6+
Kg7 28. Rfd1 Qe8 29. Rd7+ Kh8 30. Qxc6 Rf4 31. Qc3+ 1-0

[Event "Bad Woerishofen op"]
[Site "?"]
[Date "2000.??.??"]
[Round "6"]
[White "Willim, Michael"]
[Black "Malzer, Werner"]
[Result "1-0"]
[WhiteElo "2124"]
[BlackElo "1852"]
[PlyCount "125"]
[EventDate "2000.??.??"]

1. c4 e6 2. g3 Nf6 3. Bg2 c6 4. Nf3 d5 5. b3 Be7 6. O-O O-O 7. Bb2 Nbd7 8. d3
Qc7 9. Nbd2 b6 10. Rc1 Bb7 11. Rc2 Rac8 12. Qa1 Rfe8 13. Ne5 Nxe5 14. Bxe5 Qd7
15. Re1 Red8 16. cxd5 exd5 17. Nf3 Ne8 18. h4 f6 19. Bb2 Nd6 20. Kh2 Rc7 21.
Bh3 Qe8 22. Nd4 Bf8 23. Ne6 Re7 24. Nxd8 Qxd8 25. Ba3 c5 26. d4 Nb5 27. Bb2 c4
28. Bg4 Nd6 29. Ba3 b5 30. Qb2 a6 31. Bf3 Rd7 32. Bxd6 Bxd6 33. a4 Qe7 34. Ra1
f5 35. axb5 axb5 36. e3 Bb8 37. Ra5 Qb4 38. Qa3 Qxa3 39. Rxa3 Bd6 40. Ra5 cxb3
41. Rb2 b4 42. Rxb3 Kf7 43. Kg2 Ke6 44. Rb5 Bc6 45. Rb6 Rc7 46. Rb1 Kd7 47. Rb8
Rb7 48. Rxb7+ Bxb7 49. Bd1 Ba6 50. Ra1 Bc4 51. Ra7+ Kc6 52. Rxg7 b3 53. Rxh7 b2
54. Bc2 Ba2 55. Bxf5 b1=Q 56. Bxb1 Bxb1 57. Rf7 Bg6 58. Rf6 Bd3 59. Rf7 Bg6 60.
Rg7 Bd3 61. h5 Bf8 62. Rf7 Bb4 63. h6 1-0

[Event "Bad Woerishofen op"]
[Site "?"]
[Date "2000.??.??"]
[Round "8"]
[White "Willim, Michael"]
[Black "Medvegy, Nora"]
[Result "0-1"]
[WhiteElo "2124"]
[BlackElo "2275"]
[PlyCount "38"]
[EventDate "2000.??.??"]

1. c4 e5 2. g3 c6 3. d4 Bb4+ 4. Nc3 Bxc3+ 5. bxc3 Qa5 6. Bd2 d6 7. Bg2 Nd7 8.
e4 Ne7 9. Ne2 Qa6 10. Qb3 Nb6 11. c5 dxc5 12. Bf1 Be6 13. Qc2 cxd4 14. cxd4
exd4 15. Nxd4 Bc4 16. Bxc4 Nxc4 17. Bb4 c5 18. Rc1 Ne5 19. Bxc5 Rc8 0-1

[Event "Bad Woerishofen op"]
[Site "Bad Woerishofen"]
[Date "2000.??.??"]
[Round "1"]
[White "Wissinger, Peter"]
[Black "Miezis, Normunds"]
[Result "0-1"]
[WhiteElo "2060"]
[BlackElo "2486"]
[PlyCount "106"]
[EventDate "1998.03.05"]
[Source "ChessBase"]
[SourceDate "1998.04.29"]

1. Nf3 c5 2. c4 Nc6 3. g3 e5 4. Nc3 g6 5. Bg2 Bg7 6. d3 d6 7. O-O Nge7 8. Rb1
O-O 9. a3 a5 10. Bd2 h6 11. Qc1 Kh7 12. b3 f5 13. Ne1 f4 14. e3 g5 15. Nd5 Ng6
16. Bc3 Bg4 17. Be4 Bf5 18. Bxf5 Rxf5 19. Qd1 Qf8 20. Qg4 Nge7 21. e4 Rf7 22.
Nf3 Nxd5 23. cxd5 Ne7 24. h4 gxh4 25. Nxh4 Bf6 26. Nf5 Nxf5 27. Qxf5+ Kh8 28.
Qh5 Bg5 29. Bd2 Rg7 30. Kh2 Qf6 31. Bc3 b5 32. a4 b4 33. Bb2 Rf8 34. g4 f3 35.
Rg1 Rfg8 36. Bc1 Bxc1 37. Rbxc1 Rg5 38. Qh4 Qf4+ 39. Kh3 Kh7 40. Rcd1 Qf7 41.
Rg3 R8g6 42. Re1 Rf6 43. Kh2 Rf4 44. Re3 Kg7 45. Qh3 Qg6 46. Rexf3 c4 47. bxc4
Rxf3 48. Rxf3 h5 49. Qh4 Kh6 50. Rg3 b3 51. d4 b2 52. Rb3 Rxg4 53. Qh3 Qg5 0-1

[Event "Bad Woerishofen op"]
[Site "?"]
[Date "2000.??.??"]
[Round "3"]
[White "Wissinger, Peter"]
[Black "Keller, Manfred"]
[Result "0-1"]
[WhiteElo "2060"]
[BlackElo "2205"]
[PlyCount "62"]
[EventDate "2000.??.??"]

1. Nf3 Nf6 2. c4 g6 3. b3 Bg7 4. Bb2 O-O 5. g3 c6 6. Bg2 d5 7. O-O Bf5 8. d3
Qc8 9. Re1 Bh3 10. Bh1 Rd8 11. Nbd2 h6 12. Qc2 Na6 13. a3 Qg4 14. Ne5 Qh5 15.
Ndf3 d4 16. e3 dxe3 17. Rxe3 Nc7 18. Rae1 e6 19. Nh4 g5 20. Bf3 Ng4 21. Nxg4
Bxg4 22. Bxg7 Kxg7 23. Bxg4 Qxg4 24. Re4 Qh5 25. Qc3+ Kg8 26. Qe5 Ne8 27. d4
Ng7 28. Ng2 Rd7 29. Ne3 f5 30. g4 Qf7 31. gxf5 exf5 0-1

[Event "Bad Woerishofen op"]
[Site "?"]
[Date "2000.??.??"]
[Round "5"]
[White "Wissinger, Peter"]
[Black "Laengl, Juergen"]
[Result "0-1"]
[WhiteElo "2060"]
[BlackElo "2248"]
[PlyCount "96"]
[EventDate "2000.??.??"]

1. Nf3 d5 2. c4 e6 3. b3 Nf6 4. Bb2 Be7 5. g3 O-O 6. Bg2 b6 7. O-O Bb7 8. d3 c5
9. e3 Nc6 10. Nbd2 Qc7 11. a3 Rfd8 12. Qc2 h6 13. cxd5 Nxd5 14. d4 cxd4 15.
Nxd4 Nxd4 16. Qxc7 Ne2+ 17. Kh1 Nxc7 18. Bxb7 Rab8 19. Bf3 Rxd2 20. Be5 Rc8 21.
Rfe1 Nb5 22. Rxe2 Rxe2 23. Bxe2 Nxa3 24. Bd3 Rd8 25. Bf1 a5 26. Bc7 Rd2 27.
Bxb6 Rxf2 28. Bxa5 Nc2 29. Kg1 Rf5 30. Rc1 Nxe3 31. b4 Nxf1 32. Rxf1 Rb5 33.
Rb1 Kf8 34. Kf2 Ke8 35. Ke3 Bd8 36. Bxd8 Kxd8 37. Kd4 Rd5+ 38. Kc4 Rd2 39. h4
Kc7 40. b5 Kb6 41. Rb3 Rc2+ 42. Kb4 Rc5 43. Ka4 Rc4+ 44. Ka3 h5 45. Rd3 Rg4 46.
Rd7 Rxg3+ 47. Kb4 Rg4+ 48. Kc3 Rf4 0-1

[Event "Bad Woerishofen op"]
[Site "?"]
[Date "2000.??.??"]
[Round "7"]
[White "Wissinger, Peter"]
[Black "Reichwald, Klaus-Dieter"]
[Result "1-0"]
[WhiteElo "2060"]
[BlackElo "1746"]
[PlyCount "109"]
[EventDate "2000.??.??"]

1. Nf3 Nf6 2. c4 g6 3. b3 Bg7 4. Bb2 O-O 5. g3 d6 6. d4 Nbd7 7. Bg2 c6 8. Nbd2
Qc7 9. Qc2 e5 10. dxe5 Nxe5 11. O-O Bf5 12. Qc1 Nxf3+ 13. Bxf3 Rac8 14. e4 Bh3
15. Re1 Nd7 16. Bxg7 Kxg7 17. Qc3+ Kg8 18. Rac1 Ne5 19. Bh1 Rfe8 20. b4 Qe7 21.
f4 Ng4 22. Nf3 h6 23. Rcd1 Rcd8 24. Rd2 Qc7 25. Bg2 Bxg2 26. Kxg2 Qe7 27. h3
Nf6 28. Rde2 Nh7 29. Qd4 c5 30. Qc3 Qc7 31. b5 Nf8 32. f5 Nd7 33. g4 Ne5 34.
Rd2 Qe7 35. Rde2 f6 36. Rd2 b6 37. Rd5 Kf7 38. Nxe5+ fxe5 39. fxg6+ Kxg6 40.
Rf1 Rf8 41. Rf5 Rxf5 42. gxf5+ Kf7 43. Qe3 Rg8+ 44. Kh2 Qf6 45. Rd2 Qg7 46. a4
Ke7 47. Qf2 Qg5 48. Rd1 Qh5 49. Ra1 Rg4 50. Qf3 Rh4 51. Qxh5 Rxh5 52. Rg1 Kf7
53. Rg6 Rh4 54. Rg4 Rh5 55. h4 1-0

[Event "Bad Woerishofen op"]
[Site "?"]
[Date "2000.??.??"]
[Round "9"]
[White "Wissinger, Peter"]
[Black "Schiegg, Peter"]
[Result "1/2-1/2"]
[WhiteElo "2060"]
[BlackElo "1771"]
[PlyCount "110"]
[EventDate "2000.??.??"]

1. Nf3 Nf6 2. c4 d6 3. d4 g6 4. g3 Bg7 5. Nc3 O-O 6. Bg2 Nbd7 7. O-O e5 8. Qc2
c6 9. Rd1 Qe7 10. b3 Rd8 11. Ba3 e4 12. Nh4 e3 13. f3 Nh5 14. Ne4 Ndf6 15. Rac1
Ne8 16. f4 Nxf4 17. gxf4 Qxh4 18. Qd3 Bh6 19. Rf1 Bxf4 20. Rxf4 Qxf4 21. d5 Bf5
22. Bb2 f6 23. Rd1 Bxe4 24. Bxe4 Qg5+ 25. Kh1 c5 26. Rg1 Qh5 27. Qxe3 Ng7 28.
Bxf6 Re8 29. Qd3 Rxe4 30. Qxe4 Re8 31. Qf4 Qxe2 32. Bxg7 Kxg7 33. Rf1 Qe4+ 34.
Qxe4 Rxe4 35. Rf2 a6 36. a4 Re3 37. Rb2 a5 38. Kg2 g5 39. Kf2 Rh3 40. Kg2 g4
41. Re2 Rxb3 42. Re6 Rc3 43. Rxd6 Rxc4 44. Rd7+ Kg6 45. Rxb7 Rxa4 46. Rc7 Rc4
47. d6 Kf6 48. Rxh7 Ke6 49. d7 Rd4 50. Rh5 Rxd7 51. Rxc5 Rd5 52. Rc4 Kf5 53.
Ra4 Kg5 54. Kg3 Rd3+ 55. Kg2 Kh4 1/2-1/2

[Event "Bad Woerishofen op"]
[Site "Bad Woerishofen"]
[Date "2000.??.??"]
[Round "1"]
[White "Wittfoth, Kai-Uwe"]
[Black "Schaffarth, Marianne"]
[Result "1-0"]
[WhiteElo "2151"]
[BlackElo "1710"]
[PlyCount "51"]
[EventDate "1998.03.05"]
[Source "ChessBase"]
[SourceDate "1998.04.29"]

1. d4 Nf6 2. c4 g6 3. Nc3 d5 4. cxd5 Nxd5 5. e4 Nxc3 6. bxc3 Bg7 7. Nf3 c5 8.
Rb1 O-O 9. Be2 cxd4 10. cxd4 Qa5+ 11. Bd2 Qxa2 12. Qc1 Qe6 13. O-O Qxe4 14. Re1
Bf5 15. Rb3 Qc2 16. Rxb7 Rc8 17. Qxc2 Rxc2 18. Bd1 Rc8 19. Rexe7 Be6 20. Ng5
Nc6 21. Rxe6 fxe6 22. Nxe6 Bxd4 23. Bb3 Be5 24. Ng5+ Kf8 25. Nxh7+ Ke8 26. Bf7+
1-0

[Event "Bad Woerishofen op"]
[Site "?"]
[Date "2000.??.??"]
[Round "3"]
[White "Wittfoth, Kai-Uwe"]
[Black "Schoettker, Jochen"]
[Result "1-0"]
[WhiteElo "2151"]
[BlackElo "1938"]
[PlyCount "73"]
[EventDate "2000.??.??"]

1. d4 e6 2. Nf3 d5 3. Bf4 Nf6 4. Nbd2 Be7 5. h3 c6 6. e3 Ne4 7. Nxe4 dxe4 8.
Nd2 f5 9. Qh5+ g6 10. Qd1 Bf6 11. a4 Qe7 12. Nc4 Nd7 13. Nd6+ Kf8 14. Bc4 Kg7
15. g4 Rd8 16. gxf5 exf5 17. Bb3 Nb6 18. Nf7 Be6 19. Bxe6 Qxe6 20. Nxd8 Rxd8
21. Bc7 Rd7 22. Bxb6 axb6 23. Qe2 Qd6 24. c3 Re7 25. a5 b5 26. a6 bxa6 27. Rxa6
f4 28. Qxb5 fxe3 29. Qxc6 exf2+ 30. Ke2 Qxc6 31. Rxc6 e3 32. d5 Bg5 33. d6 Re5
34. Rd1 Bh4 35. Rc7+ Kh6 36. d7 Rf5 37. Rc8 1-0

[Event "Bad Woerishofen op"]
[Site "?"]
[Date "2000.??.??"]
[Round "5"]
[White "Wittfoth, Kai-Uwe"]
[Black "Santner, Thomas"]
[Result "1/2-1/2"]
[WhiteElo "2151"]
[BlackElo "1939"]
[PlyCount "46"]
[EventDate "2000.??.??"]

1. d4 Nf6 2. c4 g6 3. Nf3 Bg7 4. g3 O-O 5. Bg2 d6 6. O-O Nbd7 7. b3 c6 8. Nbd2
Qc7 9. Bb2 e5 10. Qc2 Re8 11. e4 b6 12. Rfe1 Bb7 13. Rad1 Rad8 14. h3 Nf8 15.
dxe5 dxe5 16. c5 b5 17. b4 N6d7 18. Nf1 Ne6 19. Rd2 Ndf8 20. Red1 Rxd2 21. Rxd2
Rd8 22. Rxd8 Nxd8 23. Qc3 f6 1/2-1/2

[Event "Bad Woerishofen op"]
[Site "?"]
[Date "2000.??.??"]
[Round "7"]
[White "Wittfoth, Kai-Uwe"]
[Black "Loew, Gerald"]
[Result "0-1"]
[WhiteElo "2151"]
[BlackElo "2305"]
[PlyCount "70"]
[EventDate "2000.??.??"]

1. d4 Nf6 2. c4 e6 3. Nf3 Bb4+ 4. Bd2 Qe7 5. a3 Bxd2+ 6. Nbxd2 d6 7. e4 e5 8.
dxe5 dxe5 9. Be2 O-O 10. O-O Nc6 11. Qc2 Bg4 12. Rad1 a5 13. Rfe1 Rfd8 14. Nf1
Bxf3 15. Bxf3 Nd4 16. Qc3 c6 17. Ng3 g6 18. Rc1 Nd7 19. Be2 Nc5 20. Bf1 Qg5 21.
Qe3 Qxe3 22. Rxe3 Ndb3 23. Rb1 Rd2 24. Ne2 Rad8 25. Nc3 Rc2 26. Re2 Rdd2 27.
Rd1 Rxb2 28. Rdxd2 Nxd2 29. Nd1 Ra2 30. f3 Ncb3 31. Re3 Ra1 32. Be2 Nd4 33. Kf2
Nxe2 34. Kxe2 Nxc4 35. Rb3 b5 0-1

[Event "Bad Woerishofen op"]
[Site "?"]
[Date "2000.??.??"]
[Round "9"]
[White "Wittfoth, Kai-Uwe"]
[Black "Krotofil, Kurt"]
[Result "1/2-1/2"]
[WhiteElo "2151"]
[BlackElo "1923"]
[PlyCount "78"]
[EventDate "2000.??.??"]

1. d4 d5 2. c4 c6 3. Nf3 e6 4. Nbd2 Nf6 5. g3 Be7 6. Bg2 O-O 7. O-O Nbd7 8. b3
b6 9. Ne5 Bb7 10. Qc2 Rc8 11. Bb2 Qc7 12. Rac1 c5 13. cxd5 Bxd5 14. e4 Bb7 15.
Qb1 Qb8 16. Qa1 Rfd8 17. Rfd1 Qa8 18. Nxd7 Rxd7 19. dxc5 Rcd8 20. Nc4 Rxd1+ 21.
Rxd1 Rxd1+ 22. Qxd1 Bxc5 23. Bxf6 gxf6 24. Qg4+ Kf8 25. Qf4 Qd8 26. Qd2 Qxd2
27. Nxd2 b5 28. Kf1 Ke7 29. f3 Kd6 30. Ke2 Bg1 31. h3 Kc5 32. Kd3 Bf2 33. g4
Bg3 34. Bf1 h6 35. a3 a5 36. Ke3 Be5 37. Bd3 Bb2 38. Nb1 Bc1+ 39. Ke2 Bc6
1/2-1/2

[Event "Bad Woerishofen op"]
[Site "?"]
[Date "2000.??.??"]
[Round "2"]
[White "Woelk, Peter"]
[Black "Popp, Michael"]
[Result "0-1"]
[WhiteElo "1549"]
[BlackElo "1887"]
[PlyCount "98"]
[EventDate "2000.??.??"]

1. c4 e6 2. Nc3 d5 3. d4 f5 4. Nf3 Nf6 5. Bg5 c6 6. e3 Be7 7. Bd3 O-O 8. O-O h6
9. Bh4 Qe8 10. Ne5 g6 11. Qe2 Kg7 12. Rae1 Nbd7 13. Nxd7 Bxd7 14. f3 Bb4 15.
Bxf6+ Rxf6 16. e4 Qg8 17. e5 Rf7 18. f4 Qd8 19. Qf2 Rc8 20. Rc1 Be8 21. Be2 g5
22. Qg3 dxc4 23. Rfd1 b5 24. Kh1 Rf8 25. Bf3 Bg6 26. a4 g4 27. Be2 a6 28. axb5
axb5 29. Ra1 Ra8 30. Rdc1 Rxa1 31. Rxa1 Qxd4 32. Ra6 Qd7 33. Qf2 Rb8 34. h3 h5
35. Qh4 Be7 36. Qf2 Be8 37. Qg1 Qc7 38. Qa1 Bd7 39. Qd1 Bc8 40. Ra1 Bb7 41. Qe1
Qb6 42. Bf1 Rd8 43. Rd1 Rd4 44. g3 c5+ 45. Bg2 Bxg2+ 46. Kxg2 Qc6+ 47. Kh2 Qd7
48. Rb1 Rd2+ 49. Kh1 Qc6+ 0-1

[Event "Bad Woerishofen op"]
[Site "?"]
[Date "2000.??.??"]
[Round "4"]
[White "Woelk, Peter"]
[Black "Muench, Werner"]
[Result "1/2-1/2"]
[WhiteElo "1549"]
[BlackElo "1703"]
[PlyCount "45"]
[EventDate "2000.??.??"]

1. c4 c6 2. Nc3 d5 3. cxd5 cxd5 4. d4 Nc6 5. g3 Nf6 6. Bg2 e6 7. Nf3 Be7 8. O-O
O-O 9. a3 Bd7 10. b4 Rc8 11. Bb2 a5 12. b5 Na7 13. a4 b6 14. Rc1 Rc7 15. Ne5
Nc8 16. e3 Nd6 17. Re1 Nc4 18. Nxc4 Rxc4 19. Na2 Rxc1 20. Qxc1 Qb8 21. Re2 Rc8
22. Rc2 Rxc2 23. Qxc2 1/2-1/2

[Event "Bad Woerishofen op"]
[Site "?"]
[Date "2000.??.??"]
[Round "6"]
[White "Woelk, Peter"]
[Black "Auer, Conny"]
[Result "0-1"]
[WhiteElo "1549"]
[BlackElo "2035"]
[PlyCount "104"]
[EventDate "2000.??.??"]

1. d4 Nf6 2. Nc3 g6 3. e4 d6 4. Nf3 Bg7 5. Be2 O-O 6. O-O c6 7. Be3 Qc7 8. h3
b5 9. a3 Bb7 10. Bd3 Nbd7 11. Qd2 a6 12. Bh6 e5 13. Bxg7 Kxg7 14. dxe5 dxe5 15.
Qe3 c5 16. Rfe1 c4 17. Bf1 Nc5 18. Nd2 Rad8 19. Rad1 Ne6 20. Nf3 Rfe8 21. g3
Nc5 22. Nd2 Rd6 23. Bg2 Red8 24. f3 Ne6 25. Qf2 Qd7 26. Ncb1 Qe7 27. Bf1 Nd7
28. Qe3 Ndc5 29. Kh2 Nd4 30. Rc1 h5 31. h4 Bc8 32. Bh3 Bxh3 33. Kxh3 Re6 34.
Nc3 f5 35. Nd5 Qd7 36. Kh2 fxe4 37. fxe4 Nxe4 38. Nxe4 Qxd5 39. Red1 Qa8 40.
Ng5 Re7 41. Rf1 Nf5 42. Qb6 Rd2+ 43. Rf2 Rxf2+ 44. Qxf2 e4 45. Rd1 e3 46. Qf4
e2 47. Re1 Qd5 48. Qf2 Qd2 49. c3 Qxb2 50. Qb6 Qxc3 51. Ne6+ Rxe6 52. Qxe6
Qxg3+ 0-1

[Event "Bad Woerishofen op"]
[Site "?"]
[Date "2000.??.??"]
[Round "8"]
[White "Woelk, Peter"]
[Black "Blessing, Tobias"]
[Result "1/2-1/2"]
[WhiteElo "1549"]
[BlackElo "1740"]
[PlyCount "85"]
[EventDate "2000.??.??"]

1. c4 d6 2. d4 e5 3. Nf3 e4 4. Nfd2 f5 5. e3 Nf6 6. Be2 c6 7. O-O g6 8. Nc3 Bg7
9. f3 exf3 10. Nxf3 O-O 11. Qc2 Re8 12. Re1 a5 13. Bd3 Na6 14. a3 d5 15. cxd5
Nxd5 16. Nxd5 cxd5 17. Bd2 Bd7 18. Rac1 Qb6 19. Bc3 Rac8 20. Qf2 Nc7 21. Qd2
Ra8 22. b4 a4 23. Bb2 Ne6 24. Kh1 Bb5 25. Rc2 Rec8 26. Rec1 Rxc2 27. Rxc2 Kf8
28. h3 Ke8 29. Ne1 Bc6 30. Be2 Rc8 31. Qc1 Kd8 32. Bf3 Qb5 33. Be2 Qb6 34. Nd3
Bd7 35. Rxc8+ Bxc8 36. Nc5 Nxc5 37. bxc5 Qe6 38. Qc3 b6 39. c6 Kc7 40. Bb5 Bf8
41. Qd3 Bd6 42. Bc1 Qe7 43. Qf1 1/2-1/2

[Event "Bad Woerishofen op"]
[Site "Bad Woerishofen"]
[Date "2000.??.??"]
[Round "2"]
[White "Woerl, Richard"]
[Black "de Francesco, Klaus"]
[Result "1/2-1/2"]
[WhiteElo "2120"]
[BlackElo "2300"]
[PlyCount "105"]
[EventDate "1998.03.05"]
[Source "ChessBase"]
[SourceDate "1998.04.29"]

1. e4 e6 2. d4 d5 3. exd5 exd5 4. Bd3 Bd6 5. Ne2 Qf6 6. Nd2 Nc6 7. c3 Nge7 8.
O-O Bg4 9. f4 O-O 10. Nf3 Bf5 11. Ne5 Bxd3 12. Qxd3 Qf5 13. Qf3 f6 14. Ng3 Qc2
15. Rf2 Qa4 16. b3 Qa6 17. Nd7 Rf7 18. f5 b6 19. Nh5 Qc8 20. Ndxf6+ gxf6 21.
Bh6 Kh8 22. Qg4 Qg8 23. Qh4 Raf8 24. Raf1 Nc8 25. Rf4 Bxf4 26. Rxf4 N8e7 27.
Rg4 Nxf5 28. Rxg8+ Rxg8 29. Qf4 Nce7 30. Qc1 Nxh6 31. Qxh6 Rg5 32. Nf4 Ng6 33.
Ne6 Rg4 34. Qh5 f5 35. h3 Rg3 36. Kh2 Rxc3 37. Qg5 Ne7 38. Nd8 Rg7 39. Qf6 Kg8
40. Qe6+ Kf8 41. Qe1 Rgg3 42. Qe5 Ke8 43. Ne6 Rge3 44. Qh8+ Kd7 45. Nf8+ Kc6
46. Qxh7 Kb7 47. Qf7 Rc2 48. Ne6 Ree2 49. Nf4 Re4 50. Nxd5 Ree2 51. Nf4 Re4 52.
Nd5 Ree2 53. Nf4 1/2-1/2